[Event "Bremen-ch op"]
[Site "Bremen"]
[Date "2016.03.20"]
[Round "2"]
[White "Traetmar, Mattis"]
[Black "Michael, Janfried"]
[Result "0-1"]
[WhiteElo "1848"]
[BlackElo "1995"]
[PlyCount "88"]
[EventDate "2016.03.19"]
[EventType "swiss"]
[EventRounds "9"]
[EventCountry "GER"]
[SourceTitle "EXT 2018"]
[Source "ChessBase"]
[SourceDate "2017.10.13"]
[SourceVersion "1"]
[SourceVersionDate "2017.10.13"]
[SourceQuality "1"]

1. e4 d5 2. exd5 Nf6 3. d4 Nxd5 4. c4 Nb6 5. Be3 Bf5 6. Nf3 e6 7. Be2 Be7 8. 0-0 0-0 9. Nc3 c6 10. Qd2 N8d7 11. Rfd1 Bf6 12. b4 Qe7 13. c5 Nd5 14. b5 Nxe3 15. fxe3 Rfd8 16. e4 Bg6 17. Qe3 e5 18. d5 Qxc5 19. Qxc5 Nxc5 20. dxc6 bxc6 21. bxc6 Rdc8 22. Bc4 Nxe4 23. Na4 Rab8 24. Rab1 Rxb1 25. Rxb1 Nd6 26. Rc1 Nxc4 27. Rxc4 Bd3 28. Rc5 e4 29. Ne5 Bxe5 30. Rxe5 Kf8 31. Nc5 f6 32. Re6 f5 33. a4 Bc4 34. Nd7+ Kf7 35. Rd6 Ke7 36. Rd4 Ba6 37. Ne5 Ke6 38. Nd7 Rxc6 39. Nf8+ Ke5 40. Rd7 Kf4 41. h3 g5 42. Kh2 h5 43. Re7 Bc8 44. Nh7 g4 0-1

[Event "Bremen-ch op"]
[Site "Bremen"]
[Date "2014.04.17"]
[Round "7"]
[White "Pundt, Wilfried"]
[Black "Michael, Janfried"]
[Result "1/2-1/2"]
[WhiteElo "1931"]
[BlackElo "1828"]
[PlyCount "80"]
[EventDate "2014.04.14"]
[EventType "swiss"]
[EventRounds "9"]
[EventCountry "GER"]
[SourceTitle "EXT 2018"]
[Source "ChessBase"]
[SourceDate "2017.10.13"]
[SourceVersion "1"]
[SourceVersionDate "2017.10.13"]
[SourceQuality "1"]

1. e4 c5 2. Nf3 d6 3. b4 cxb4 4. d4 Nf6 5. Bd3 Bg4 6. 0-0 g6 7. a3 bxa3 8. c3 Bg7 9. h3 Bxf3 10. Qxf3 Nbd7 11. Nxa3 0-0 12. Nc4 b5 13. Ne3 Qb6 14. Qe2 a6 15. Kh2 e5 16. Bb2 Rfe8 17. f3 Bh6 18. Rfd1 Bf4+ 19. g3 Bh6 20. Kg2 Nh5 21. Nd5 Qd8 22. Bc1 Bg7 23. Qf2 Nf8 24. f4 Ne6 25. fxe5 dxe5 26. Be2 exd4 27. cxd4 Nxd4 28. Rxd4 Rxe4 29. Rxe4 Bxa1 30. Ne7+ Kg7 31. Bxh5 gxh5 32. Qf4 Qd3 33. Nf5+ Kh8 34. Be3 Rc8 35. Nd4 b4 36. Qf6+ Kg8 37. Qg5+ Kh8 38. Qe5+ Kg8 39. Qg5+ Kh8 40. Qf6+ Kg8 1/2-1/2

[Event "Bremen-ch op"]
[Site "Bremen"]
[Date "2014.04.16"]
[Round "5"]
[White "Pienski, Olaf"]
[Black "Michael, Janfried"]
[Result "1/2-1/2"]
[WhiteElo "2067"]
[BlackElo "1828"]
[PlyCount "130"]
[EventDate "2014.04.14"]
[EventType "swiss"]
[EventRounds "9"]
[EventCountry "GER"]
[SourceTitle "EXT 2018"]
[Source "ChessBase"]
[SourceDate "2017.10.13"]
[SourceVersion "1"]
[SourceVersionDate "2017.10.13"]
[SourceQuality "1"]

1. e4 c5 2. Nf3 d6 3. d4 cxd4 4. Nxd4 Nf6 5. Nc3 g6 6. Be3 Bg7 7. f3 Nc6 8. Qd2 Nxd4 9. Bxd4 0-0 10. Bc4 Be6 11. Bb3 Qa5 12. 0-0-0 Bxb3 13. cxb3 Rac8 14. Kb1 Rc6 15. Nd5 Qd8 16. Bxf6 Bxf6 17. Nxf6+ exf6 18. Qd4 a6 19. Rd3 Qe7 20. Rhd1 Rd8 21. a4 Qe5 22. Qb4 Rd7 23. g3 f5 24. Rd5 Qe6 25. exf5 Qe2 26. Qe4 Qxe4+ 27. fxe4 Re7 28. Rxd6 Rxd6 29. Rxd6 Rxe4 30. f6 Kf8 31. Rb6 Re6 32. Rxb7 Rxf6 33. Rc7 Rb6 34. Ka2 h6 35. Ka3 f5 36. a5 Rf6 37. b4 g5 38. Ka4 f4 39. gxf4 gxf4 40. b5 axb5+ 41. Kxb5 f3 42. Rc1 f2 43. Rf1 Rf5+ 44. Ka4 Rf6 45. b4 Ke7 46. b5 Rf4+ 47. Kb3 Kd6 48. a6 Kc7 49. a7 Kb7 50. b6 Rf6 51. Kc4 Rxb6 52. Rxf2 Kxa7 53. Kd5 Rg6 54. Ke5 Kb7 55. Rc2 Rg1 56. Kf6 Kb6 57. Rc3 Rg2 58. Rh3 Rf2+ 59. Kg6 Rg2+ 60. Kxh6 Kc5 61. Rh5+ Kd6 62. h4 Rg4 63. Kh7 Ke6 64. Rh6+ Kf7 65. Rh5 Rg7+ 1/2-1/2

[Event "Bremen-ch op"]
[Site "Bremen"]
[Date "2014.04.15"]
[Round "3"]
[White "Dietrich, Igor"]
[Black "Michael, Janfried"]
[Result "0-1"]
[WhiteElo "1893"]
[BlackElo "1828"]
[PlyCount "114"]
[EventDate "2014.04.14"]
[EventType "swiss"]
[EventRounds "9"]
[EventCountry "GER"]
[SourceTitle "EXT 2018"]
[Source "ChessBase"]
[SourceDate "2017.10.13"]
[SourceVersion "1"]
[SourceVersionDate "2017.10.13"]
[SourceQuality "1"]

1. e4 c5 2. d4 cxd4 3. c3 dxc3 4. Nxc3 d6 5. Nf3 Nc6 6. Bc4 Bg4 7. Bxf7+ Kxf7 8. Ng5+ Ke8 9. Qxg4 Ne5 10. Qe2 Nf6 11. 0-0 h6 12. Qb5+ Qd7 13. Ne6 Nc6 14. Nxf8 Rxf8 15. f3 a6 16. Qe2 Qe6 17. Be3 Kf7 18. Rac1 Kg8 19. Rfd1 Ne5 20. b3 b5 21. Bd4 Rac8 22. f4 Nc6 23. Bxf6 Qxf6 24. Nd5 Qe6 25. g3 Nb8 26. Qd3 Qd7 27. Nb6 Qa7 28. Qe3 Nd7 29. Nd5 Qxe3+ 30. Nxe3 Nc5 31. Nd5 Kf7 32. Rd4 e5 33. fxe5 dxe5 34. Rf1+ Ke8 35. Nb6 Rxf1+ 36. Kxf1 exd4 37. Nxc8 Nxe4 38. Nb6 Nc3 39. a4 Kd8 40. Ke1 Kc7 41. a5 Kc6 42. Kd2 Nd5 43. Kd3 Nxb6 44. axb6 Kxb6 45. Kxd4 a5 46. Kd5 a4 47. bxa4 bxa4 48. Kc4 Kc6 49. Kb4 Kd5 50. Kxa4 Ke4 51. Kb3 Kf3 52. Kc4 Kg2 53. Kd3 Kxh2 54. g4 Kg3 55. g5 hxg5 56. Ke3 g4 57. Ke2 Kh2 0-1

[Event "Bremen-ch op"]
[Site "Bremen"]
[Date "2014.04.14"]
[Round "1"]
[White "Jung, Gerald"]
[Black "Michael, Janfried"]
[Result "1/2-1/2"]
[WhiteElo "1997"]
[BlackElo "1828"]
[PlyCount "124"]
[EventDate "2014.04.14"]
[EventType "swiss"]
[EventRounds "9"]
[EventCountry "GER"]
[SourceTitle "EXT 2018"]
[Source "ChessBase"]
[SourceDate "2017.10.13"]
[SourceVersion "1"]
[SourceVersionDate "2017.10.13"]
[SourceQuality "1"]

1. e4 c5 2. Nf3 d6 3. d4 cxd4 4. Nxd4 Nf6 5. Nc3 g6 6. Be3 Bg7 7. f3 0-0 8. Bc4 Nc6 9. Qd2 Nxd4 10. Bxd4 Be6 11. Bxe6 fxe6 12. 0-0-0 Qa5 13. Rhe1 Nd7 14. Kb1 Ne5 15. b3 Rac8 16. Ne2 Qb5 17. a4 Qc6 18. c4 a6 19. Nc3 Nd7 20. Bxg7 Kxg7 21. Nd5 exd5 22. exd5 Qb6 23. Rxe7+ Rf7 24. Qc3+ Ne5 25. a5 Qf2 26. Re6 Qxg2 27. Rxd6 Qxh2 28. Re6 Rxf3 29. Qxe5+ Qxe5 30. Rxe5 Rxb3+ 31. Ka2 Rf3 32. d6 Rf7 33. Re7 Rxe7 34. dxe7 Re8 35. Rd7 Kf7 36. Rxb7 Rxe7 37. Rb6 Ra7 38. c5 Rc7 39. c6 Ke6 40. Rxa6 Kd6 41. Kb3 Rxc6 42. Ra8 Kc5 43. Rh8 h5 44. Ka4 Kc4 45. Rb8 Kd5 46. Kb5 Rc1 47. Rg8 Rb1+ 48. Ka6 Rg1 49. Kb7 Ke5 50. a6 Kf5 51. a7 Ra1 52. a8Q Rxa8 53. Kxa8 h4 54. Kb7 g5 55. Kc6 Kf4 56. Kd5 h3 57. Rf8+ Kg3 58. Ke4 g4 59. Rg8 h2 60. Rh8 Kg2 61. Kf4 g3 62. Kg4 h1Q 1/2-1/2